Sunlight, moonlight

Enregistré dans:
Détails bibliographiques
Auteur principal: Hwang, Sun-Won (Auteur)
Format: Livre
Langue:anglais
Publié: Seúl Si-Sa-Yong-O-Sa 1990
Collection:Korean novels, plays and poetry, 13
Sujets:
Tags: Ajouter un tag
Pas de tags, Soyez le premier à ajouter un tag!

MARC

LEADER 00000nam a2200000 a 4500
001 UCX3271
003 CL-VaPUC
008 911022e19900000KO |||||||||||||||||eng|d
082 0 4 |a 895.73  |b HWA  |2 21 
100 0 |a Hwang, Sun-Won  |e author  |9 319377 
245 1 0 |a Sunlight, moonlight 
300 |a 428 p 
942 |c BK 
945 |d 19911022 00:00:00 
260 |a Seúl  |b Si-Sa-Yong-O-Sa  |c 1990 
650 7 |a NOVELAS COREANAS  |2 CL-VaPUC  |9 318922 
583 |a last modification  |c 19911022 00:00:00  |k Rodrigo Vera 
490 0 |a Korean novels, plays and poetry, 13 
999 |c 224068  |d 224066 
952 |0 0  |1 0  |4 0  |6 895_730000000000000_HWA_1990  |7 0  |8 A  |9 220449  |a BIBGIM  |b BIBGIM  |d 2019-11-15  |i 2891638  |l 1  |o 895.73 HWA 1990  |p 2891638  |r 2025-01-15  |s 2022-10-03  |w 2019-11-15  |y BK  |k ORI